Impacts of multi-scale partnerships on miskitu forest governance in nicaragua /
Spremljeno u:
| Glavni autor: | |
|---|---|
| Format: | Tekst |
| Teme: | |
| Oznake: |
Dodaj oznaku
Bez oznaka, Budi prvi tko označuje ovaj zapis!
|
MARC
| LEADER | 00000 a a2200000 04500 | ||
|---|---|---|---|
| 001 | 9156 | ||
| 003 | |||
| 040 | |||
| 100 | |a Finley-Brook, Mary M | ||
| 245 | |a Impacts of multi-scale partnerships on miskitu forest governance in nicaragua / |c Mary M Finley-Brook | ||
| 650 | |a BOSQUES | ||
| 650 | |a GESTION AMBIENTAL | ||
| 650 | |a NICARAGUA | ||
| 650 | |a SECTOR PUBLICO | ||
| 650 | |a SECTOR PRIVADO | ||
| 650 | |a EVALUACION | ||
| 650 | |a POBLACION INDIGENA | ||
| 773 | |g número 94; páginas 207-227 | ||
| 999 | |c 31571 |d 31571 | ||
